000 00651nam a2200229Ia 4500
003 OSt
005 20220923225648.0
006 a|||||r|||| 00| 0
007 ta
008 Pun
024 _a273,124
037 _cTextual
040 _aARTS
_cARTS
_bPun
041 _2Pun
_aPun
082 _aO153,1J81:g, K8
100 _aਅFੋਕ, FਮFੇਰ ਸਿੰਘ
245 0 _aਸੋਢੀ ਮਿਹਰਵਾਲ ਦਾ ਜੀਵਨ ਤੇ ਸਾਹਿੱਤ
260 _c1968
650 _aਪੰਜਾਬੀ ਸਾਹਿਤ
942 _hO153,1J81:g, K8
_cTEXL
_2CC
999 _c379726
_d379726